MARC details
| 000 -LEADER |
| campo de control de longitud fija |
02893nkm a2200349za 4500 |
| 001 - NÚMERO DE CONTROL |
| campo de control |
84431 |
| 003 - IDENTIFICADOR DE NÚMERO DE CONTROL |
| campo de control |
OSt |
| 005 - FECHA Y HORA DE LA ÚLTIMA TRANSACCIÓN |
| campo de control |
20260420151009.0 |
| 007 - CAMPO FIJO DE DESCRIPCIÓN FÍSICA--INFORMACIÓN GENERAL |
| campo de control de longitud fija |
kh boc |
| 008 - DATOS DE LONGITUD FIJA--INFORMACIÓN GENERAL |
| campo de control de longitud fija |
250408s19001903sp ||||| |||| 00| i|spa d |
| 040 ## - FUENTE DE CATALOGACIÓN |
| Centro/agencia transcriptor |
M-RABA |
| Centro catalogador/agencia de origen |
M-RABA |
| Lengua de catalogación |
spa |
| 245 0# - MENCIÓN DEL TÍTULO |
| Título |
[Iglesia de San Cebrián de Mazote, Valladolid] |
| Medio |
[Material gráfico] |
| 260 ## - PUBLICACIÓN, DISTRIBUCIÓN, ETC. |
| Fecha de publicación, distribución, etc. |
[ca. 1900-1903] |
| 300 ## - DESCRIPCIÓN FÍSICA |
| Extensión |
6 fotografías |
| Otras características físicas |
: gelatina |
| Dimensiones |
; imagen 12,5 x 17 cm |
| -- |
; soporte secundario 21 x 26 cm |
| 500 ## - NOTA GENERAL |
| Nota general |
Conjunto de fotografías dedicadas a la Iglesia de San Cebrián de Mazote, en Valladolid, vista desde diferentes lados y detalles. |
| 500 ## - NOTA GENERAL |
| Nota general |
Las fotografías están montadas sobre soporte secundario de cartón con marco decorativo grabado en dorado y anotaciones manuscritas a tinta. En la parte superior de todas "Iglesia de San Cebrián de Mazote (Valladolid)"; en la parte inferior la parte que representa. |
| 504 ## - NOTA DE BIBLIOGRAFÍA, ETC. |
| Nota de bibliografía, etc. Nota |
Lampérez, V.: “La iglesia de San Cebrián de Mazote”, en B.S.E.E., t. X, 1902, p. 185; Lampérez: Idem, en Boletín de la Academia de la Historia, T. LXVIII, p. 211-34, 1916. |
| 505 ## - NOTA DE CONTENIDO CON FORMATO |
| Nota de contenido con formato |
Fot-557. "Vista por el lado de Mediodía" -- Fot-558. "Nave central" -- Fot-559. "Detalle de los arcos de las naves" -- Fot-560. "Detalle del crucero" -- Fot-561. "Vista del testero" -- Fot-562. "Vista por el lado Norte" |
| 510 ## - NOTA DE CITAS O REFERENCIAS BIBLIOGRÁFICAS |
| Nombre de la fuente |
Las mismas fotografías publicadas en: Agapito y Revilla, J.: La iglesia de San Cebrián de Mazote (Valladolid): notas histórico-arqueológicas, Palencia, 1903. |
| 544 ## - NOTA DE LOCALIZACIÓN DE MATERIALES DE ARCHIVO RELACIONADOS |
| Depositario(custodio) |
Informe de la Comisión Provincial de Monumentos de Valladolid para que sea declarada Monumento Nacional, (1904): Archivo: 45-2/4 . – Seguramente donadas por Juan Agapito y Revilla. |
| 610 27 - PUNTO DE ACCESO ADICIONAL DE MATERIA--NOMBRE DE ENTIDAD CORPORATIVA |
| Nombre de entidad corporativa o nombre de jurisdicción como elemento de entrada |
Iglesia de San Cebrián de Mazote ( |
| Sede del congreso/Lugar de la reunión |
Valladolid, España) |
| 9 (RLIN) |
27230 |
| 651 #7 - PUNTO DE ACCESO ADICIONAL DE MATERIA--NOMBRE GEOGRÁFICO |
| Nombre geográfico |
Valladolid |
| Fuente del encabezamiento o término |
embne |
| 9 (RLIN) |
75623 |
| 655 #0 - TERMINO DE INDIZACIÓN--GENERO/FORMA |
| Datos o término principal de género/forma |
Fotografías de monumentos |
| 9 (RLIN) |
111580 |
| 852 ## - LOCALIZACIÓN |
| Número de control de estantería |
Fot-557 |
| 856 ## - LOCALIZACIÓN Y ACCESO ELECTRÓNICOS |
| Materiales especificados |
Fot-557 |
| Identificador Uniforme de Recurso |
<a href="https://archivoybiblioteca.realacademiabellasartessanfernando.com/cgi-bin/koha/opac-retrieve-file.pl?id=1c51554eae97f9fdcd16acd45fbb2b11">https://archivoybiblioteca.realacademiabellasartessanfernando.com/cgi-bin/koha/opac-retrieve-file.pl?id=1c51554eae97f9fdcd16acd45fbb2b11</a> |
| 856 ## - LOCALIZACIÓN Y ACCESO ELECTRÓNICOS |
| Materiales especificados |
Fot-558 |
| Identificador Uniforme de Recurso |
<a href="https://archivoybiblioteca.realacademiabellasartessanfernando.com/cgi-bin/koha/opac-retrieve-file.pl?id=3fb3da19aad2b100da2ce8a8df76137d">https://archivoybiblioteca.realacademiabellasartessanfernando.com/cgi-bin/koha/opac-retrieve-file.pl?id=3fb3da19aad2b100da2ce8a8df76137d</a> |
| 856 ## - LOCALIZACIÓN Y ACCESO ELECTRÓNICOS |
| Materiales especificados |
Fot-559 |
| Identificador Uniforme de Recurso |
<a href="https://archivoybiblioteca.realacademiabellasartessanfernando.com/cgi-bin/koha/opac-retrieve-file.pl?id=1ce18e696df4086dd41bd9e93ae57a33">https://archivoybiblioteca.realacademiabellasartessanfernando.com/cgi-bin/koha/opac-retrieve-file.pl?id=1ce18e696df4086dd41bd9e93ae57a33</a> |
| 856 ## - LOCALIZACIÓN Y ACCESO ELECTRÓNICOS |
| Materiales especificados |
Fot-560 |
| Identificador Uniforme de Recurso |
<a href="https://archivoybiblioteca.realacademiabellasartessanfernando.com/cgi-bin/koha/opac-retrieve-file.pl?id=8c352de4c892a362e5c3509f0ccf9572">https://archivoybiblioteca.realacademiabellasartessanfernando.com/cgi-bin/koha/opac-retrieve-file.pl?id=8c352de4c892a362e5c3509f0ccf9572</a> |
| 856 ## - LOCALIZACIÓN Y ACCESO ELECTRÓNICOS |
| Materiales especificados |
Fot-561 |
| Identificador Uniforme de Recurso |
<a href="https://archivoybiblioteca.realacademiabellasartessanfernando.com/cgi-bin/koha/opac-retrieve-file.pl?id=82442ddd2a524f66d2a8fdea1fcc4ff6">https://archivoybiblioteca.realacademiabellasartessanfernando.com/cgi-bin/koha/opac-retrieve-file.pl?id=82442ddd2a524f66d2a8fdea1fcc4ff6</a> |
| 856 ## - LOCALIZACIÓN Y ACCESO ELECTRÓNICOS |
| Materiales especificados |
Fot-562 |
| Identificador Uniforme de Recurso |
<a href="https://archivoybiblioteca.realacademiabellasartessanfernando.com/cgi-bin/koha/opac-retrieve-file.pl?id=188d394d720f1c1801ffd4ac9b98f76a">https://archivoybiblioteca.realacademiabellasartessanfernando.com/cgi-bin/koha/opac-retrieve-file.pl?id=188d394d720f1c1801ffd4ac9b98f76a</a> |
| 942 ## - ELEMENTOS DE ENTRADA SECUNDARIOS (KOHA) |
| Fuente de la clasificación o esquema de estantería |
Clasificación Decimal Dewey |
| Tipo de ítem Koha |
Fotografías |
| Suprimir en OPAC |
No |